La Presa de decisions en la gestió forestal / M.R.W. Williams ; traducció, Elisenda Ardèvol
Descripción Física:
140 p. ; 23 cm
Colección:
Llibres tècnics ; 4
Otros Autores:
Ardèvol Piera, Elisenda
MARC
| LEADER | 00000nam a2200000Ia 4500 | ||
|---|---|---|---|
| 001 | 9192 | ||
| 008 | 160829s1990 xx 000 0 cat d | ||
| 080 | |a C-1-194 | ||
| 100 | |a Williams, M. R. W. |9 32666 | ||
| 245 | |a La Presa de decisions en la gestió forestal / M.R.W. Williams ; traducció, Elisenda Ardèvol | ||
| 260 | |a Barcelona : |b Diputació. Servei de Parcs Naturals, |c 1990 | ||
| 300 | |a 140 p. ; |c 23 cm | ||
| 490 | |a Llibres tècnics ; 4 | ||
| 590 | |a Bibliografia. | ||
| 590 | |a Vocabulari tècnic | ||
| 650 | 0 | |a Boscos i silvicultura |9 39468 | |
| 650 | |a Explotació forestal |9 32668 | ||
| 700 | 1 | |a Ardèvol Piera, Elisenda |9 32669 | |
| 710 | |a Barcelona (Catalunya : Província). |b Servei de Parcs Naturals |9 53492 | ||
| 901 | |a Arxiu | ||
| 942 | |n 1 | ||
| 952 | |0 0 |1 0 |4 0 |6 C1194 |7 1 |9 46065 |a Arxiu |b Arxiu |d 2016-12-01 |l 0 |o C-1-194 |p 9192 |r 2016-12-01 00:00:00 |w 2016-12-01 |y ARXIU | ||
| 999 | |c 49567 |d 49567 | ||